000
00252nam a22001217a 4500
003
SGT
082
_a
954
_b
P72M
100
_a
MANKEKAR, D.R.
245
_a
PAKISTAN: CUT TO SIZE
260
_b
INDIAN BOOK COMPANY
_c
1972
300
_a
175
942
_2
ddc
_c
BK
999
_c
31898
_d
31898